000 00891nam a2200277Ia 4500
003 OSt
005 20221005092430.0
006 a|||||r|||| 00| 0
007 ta
008 221004b |||||||| |||| 00| 0 eng d
020 _a9780415806091 (hbk)
_c4888
024 _a99366
037 _b9064, 24/12/2009, Elite Publishers Distributors
_cTextual
040 _aCRL
_cCRL
_beng
041 _2eng
_aeng
082 _aRvL, Q0
100 _aRogers G.A. J. Ed.
245 0 _aInsiders and outsiders in seventeenth century philosophy
260 _aNew York
_bRoutledge USA
_c2010
300 _aix,325p.
_ccm.
490 _aRoutledge studies in 17th century philosophy
650 _aBUDDHISM
700 _a Sorell Tom Ed.
942 _hRvL, Q0
_cTEXL
_2cc
999 _c998850
_d998850